Sportifs Français champions du monde, d'Europe ou JO (Moyen) - Statistiques

Statistiques générales
  • Ce quiz a été pris 274 fois
  • Le résultat moyen est 10 sur 16
Statistiques - réponses
Par images Réponse % Correct
Florent Manaudou
99%
David Trezeguet
85%
Tony Estanguet
82%
David Douillet
81%
Earvin Ngapeth
80%
Yannick Agnel
70%
Daniel Narcisse
65%
Sébastien Ogier
65%
Clarisse Agbegnenou
60%
Alexis Pinturault
59%
Suzanne Lenglen
46%
Tessa Worley
45%
Alain Giresse
40%
Jean-Claude Killy
31%
Surya Bonaly
28%
Pierre Durand
12%
Aucun quiz correspondant
Distribution des résultats
% des personnes avec chaque résultat
Percentile par nombre de réponses
Votre historique - résultats
Vous n’avez pas pris ce quiz